00593nam a22002057a 450000500170000001000130001702000220003003500130005203700160006504000120008108200150009310000230010824500790013126000510021027000480026130000280030965000210033765000260035870000030038420170124110049.0 aA-943864 c00.00a8170249902 aA-943864 bCen Lib/Ret aDPLbEN a781.7bTHI aThielemann, Selina aSound of the sacred :cby Selina Thielemannb religious music in India / aNew DelhibA.P.H.Publishing Corporation c1998 a5,Ansari Road Darya GanjbNew Delhie110002 aVarious pagesc24cm(Hb) aHindustani music aKrishna (Hindu deity)